00385 2200169 4500245002700000020002200027250001100049100001200060700002200072650001700094005001900111260002800130041001400158084001100172300002300183336000900206 aAntarescRweindahText a978-623-6533-78-9 aCet. 1 aRweinda aLarasati Fitriani aNovel Remaja a20230511104338 aJakartabLoveablec2020 aIndonesia a808.83 a416 hlm. :c20 cm. atext